[Event "Tacoma March Saturdays op"]
[Site "Tacoma"]
[Date "2014.03.15"]
[Round "4"]
[White "Hasuike, Mike L"]
[Black "Dorfner, Gary"]
[Result "1-0"]
[WhiteElo "1510"]
[BlackElo "1210"]
[PlyCount "61"]
[EventDate "2014.03.08"]
[EventType "swiss"]
[EventRounds "4"]
[EventCountry "USA"]
[SourceTitle "EXT 2017"]
[Source "ChessBase"]
[SourceDate "2016.10.25"]
[SourceVersion "1"]
[SourceVersionDate "2016.10.25"]
[SourceQuality "1"]

1. d4 d5 2. e3 Nc6 3. f4 e6 4. Bd3 Nf6 5. Nd2 Bd6 6. c3 0-0 7. Ngf3 Ng4 8. Qe2 a6 9. Bxh7+ Kxh7 10. Ng5+ Kg8 11. Qxg4 Be7 12. Ndf3 Bxg5 13. Qxg5 Qxg5 14. fxg5 g6 15. 0-0 Ne7 16. g4 Bd7 17. Ne5 Bb5 18. Rf2 Kg7 19. a4 Bc6 20. b3 Rh8 21. Rxf7+ Kg8 22. Rxe7 Rh7 23. Nxg6 Rxe7 24. Nxe7+ Kf7 25. Nxc6 bxc6 26. Ba3 Rg8 27. Rf1+ Ke8 28. Rf8+ Rxf8 29. Bxf8 Kxf8 30. h4 Kg7 31. h5 1-0

[Event "Clark Harmon Memorial 7th"]
[Site "Portland"]
[Date "2013.04.13"]
[Round "1"]
[White "Hasuike, Mike L"]
[Black "Tezcan, Yaman"]
[Result "0-1"]
[WhiteElo "1500"]
[BlackElo "2036"]
[PlyCount "117"]
[EventDate "2013.04.13"]
[EventType "swiss"]
[EventRounds "5"]
[EventCountry "USA"]
[SourceTitle "EXT 2017"]
[Source "ChessBase"]
[SourceDate "2016.10.25"]
[SourceVersion "1"]
[SourceVersionDate "2016.10.25"]
[SourceQuality "1"]

1. d4 c5 2. e3 e6 3. Bd3 d5 4. c3 Nf6 5. Nd2 Bd6 6. f4 Nc6 7. Qf3 Qe7 8. Nh3 Bd7 9. 0-0 0-0 10. Nf2 c4 11. Bc2 b5 12. e4 dxe4 13. Nfxe4 Nxe4 14. Nxe4 f5 15. Nxd6 Qxd6 16. Bd2 Ne7 17. Rae1 Bc6 18. Qf2 Rf6 19. Bd1 Rg6 20. Bf3 Nd5 21. Re5 Nf6 22. Bxc6 Qxc6 23. Qf3 Ne4 24. Be3 Rf8 25. Rd1 Rd8 26. Rc5 Qd7 27. Re5 Nf6 28. Bf2 Rh6 29. h3 a6 30. Rde1 Ne4 31. Rd1 Nf6 32. Rde1 Nd5 33. Be3 Rg6 34. Bf2 a5 35. a3 b4 36. axb4 axb4 37. Ra1 Qb7 38. Ree1 bxc3 39. bxc3 Qb2 40. Ra6 Re8 41. Rc6 Nxc3 42. Rxc4 Ne4 43. Re2 Qb1+ 44. Kh2 Qd1 45. Qe3 Qf1 46. Be1 Rxg2+ 47. Rxg2 Qxc4 48. Qg1 Re7 49. h4 Rd7 50. Bf2 Nxf2 51. Qxf2 Qxd4 52. Qf3 Qf6 53. Qa3 Rd1 54. Ra2 Rd8 55. Kh3 Qh6 56. Qe3 Qh5 57. Kh2 Qxh4+ 58. Kg2 Qg4+ 59. Kh2 0-1